000 00687cam a2200229 4500500
005 20260329005044.0
041 _afre
042 _adc
100 1 0 _aDurand, Jean-Marie
_eauthor
245 0 0 _aLes Globalistes. Une histoire intellectuelle du néolibéralisme
260 _c2022.
500 _a91
690 _aDomination
690 _aÉconomie
690 _aÉtat
690 _aLibéralisme
690 _aOrdolibéralisme
690 _aOrdre
690 _aWalter Lippmann
786 0 _nPhilosophie magazine | 159 | 5 | 2022-05-01 | p. 63-63 | 1951-1787
856 4 1 _uhttps://shs.cairn.info/magazine-philosophie-magazine-2022-5-page-63?lang=fr&redirect-ssocas=7080
999 _c1839859
_d1839859